000 03710cam a22012614i 4500
003 PE-LiUPU
005 20250813185625.0
008 150706s2010 pe a rb 000 0 spa d
020 _a9972674037
020 _a9789972674037
035 _a(Sirsi) i9789972674037
040 _aPE-LiUPU
_bspa
_cPE-LiUPU
_dPE-LiUPU
_erda
049 _aPRUA
082 0 4 _a382.6985
_bF16
_221
100 1 _aFairlie Reinoso, Alan,
_eautor.
245 1 0 _aBiocomercio en el Perú :
_bexperiencia y propuestas /
_calan Fairlie Reinoso.
264 1 _aLima :
_bPontificia Universidad Católica del Perú,
_c2010.
300 _a260 páginas :
_bilustraciones ;
_c21 centímetros
336 _atext
_2rdacontent
337 _aunmediated
_2rdamedia
338 _avolume
_2rdacarrier
504 _aIncluye bibliografía.
505 0 _aBiocomercio: Conceptos e importancia -- Empresas exportadoras de productos de la biodiversidad: cadenas de valor, sectores y estadísticas de biocomercio -- Cadenas de valor en el biocomercio -- Experiencias de desarrollo sostenible: asociaciones de productores de recursos de la biodiversidad -- Limitantes y propuestas de solución para la promoción del biocomercio en el Perú.
526 _aP202
526 _aP201
526 _aP163
526 _aP162
526 _aP161
526 _aP160
526 _aP148
526 _aP147
526 _aP146
526 _aP145
526 _aP144
526 _aP143
526 _aP142
526 _aP141
526 _aP140
526 _aP139
526 _aP138
526 _aP137
526 _aP136
526 _aP135
526 _aP134
526 _aP133
526 _aP129
526 _aP128
526 _aP127
526 _aP120
526 _aP119
526 _aP118
526 _aP116
526 _aP115
526 _aP114
526 _aP110
526 _aP109
526 _aP108
526 _aP104
526 _aP103
526 _aP102
526 _aP99
526 _aP98
526 _aP97
526 _aP96
526 _aP95
526 _aP93
526 _aP90
526 _aP89
526 _aP88
526 _aP83
526 _aP82
526 _aP62
526 _aP59
526 _aP58
526 _aP57
526 _aP51
526 _aP49
526 _aP48
526 _aP47
526 _aP29
526 _aP24
526 _aP20
526 _aP19
526 _aP17
526 _aP15
526 _aP14
526 _aP12
526 _aP10
526 _aP09
526 _aP08
526 _aP07
526 _aP06
526 _aP05
526 _aP04
526 _aP01
541 _g001-000024;
650 0 4 _aExportaciones
_zPerú.
650 0 4 _aBiodiversidad
_xAspectos económicos.
650 0 4 _aDesarrollo sostenible
_zPerú.
910 _agl
_clch
_d20130816
942 _2ddc
_cBOOK
949 _a382.6985 F16
_wDEWEY
_c1
_i68042
_lCCODEBUL1
_mBUL
_p17.00
_r0
_sY
_tBOOK
_u2015-7-6
_xFCE
_PP04
_o.STAFF. Colección Ciencias Empresariales
949 _a382.6985 F16
_wDEWEY
_c2
_i68043
_lCCODEBUL1
_mBUL
_p17.00
_r0
_sY
_tBOOK
_u2015-7-6
_xFCE
_PP04
_o.STAFF. Colección Ciencias Empresariales
994 _aC0
_bPEPRU
596 _a1
999 _a382.6985 F16
_wDEWEY
_c55501
_i68042
_f2021-11-5
_g6
_lCCODEBUL1
_mBUL
_p17.00
_r0
_sN
_tBOOK
_u2015-7-6
_xFCE
_zP04
_0COMPRA
_o.STAFF. Colección Ciencias Empresariales
_d55501
999 _a382.6985 F16
_wDEWEY
_c2
_i68043
_f2021-11-5
_g6
_lCCODEBUL1
_mBUL
_p17.00
_r0
_sN
_tBOOK
_u2015-7-6
_xFCE
_zP04
_0COMPRA
_o.STAFF. Colección Ciencias Empresariales
980 _81
_gALBERTO SANCHEZ Responsable de Automatización